[Event "10th American Continental"]
[Site "Montevideo URU"]
[Date "2015.05.21"]
[Round "8.17"]
[White "Vera Siguenas, Deivy"]
[Black "Paveto, Kevin"]
[Result "1-0"]
[WhiteTitle "IM"]
[BlackTitle "FM"]
[WhiteElo "2469"]
[BlackElo "2400"]
[WhiteFideId "3804623"]
[BlackFideId "173444"]
[EventDate "2015.05.15"]
[EventType "swiss"]

1. e4 e5 2. Nf3 Nc6 3. Bb5 a6 4. Ba4 Nf6 5. O-O Nxe4 6. d4 b5 7. Bb3 d5 8. dxe5
Be6 9. Nbd2 Nc5 10. c3 Be7 11. Bc2 d4 12. Nb3 d3 13. Nxc5 dxc2 14. Qxd8+ Rxd8
15. Nxe6 fxe6 16. Be3 O-O 17. Rac1 Rd5 18. c4 bxc4 19. Rxc2 Nxe5 20. Nxe5 Rxe5
21. Rxc4 Bd6 22. Rfc1 Ra5 23. a3 Rb5 24. R4c2 Rd8 25. g3 Be5 26. b4 Rd3 27. Ra2
Rb3 28. Bc5 Rb2 29. Rc2 Rb1+ 30. Kg2 Kf7 31. Rd2 Bd6 32. Bxd6 cxd6 33. Rxd6 a5
34. Rd7+ Kf6 35. Rc2 axb4 36. axb4 h5 37. Rcc7 g5 38. Rf7+ Ke5 39. Rg7 R1xb4 40.
Rxg5+ Kd6 41. Rxb5 Rxb5 42. Rh7 Rf5 43. h4 Ke5 44. Rh6 Kd6 45. Rg6 Rf7 46. Rg5
Rh7 47. Ra5 Rh8 48. Kf3 Ke7 49. Rg5 Kf6 50. Kg2 Rh7 51. Kh3 Rh8 52. f3 Rh7 53.
Ra5 Rh8 54. Rg5 Rh7 55. Ra5 Rh8 56. g4 hxg4+ 57. fxg4 Rb8 58. h5 Rb3+ 59. Kh4
Rb4 60. Ra7 Rc4 61. Ra1 Rb4 62. Ra7 Rc4 63. Rh7 Rb4 64. Rh6+ Kf7 65. Rg6 Rb5 66.
Rg5 Rb4 67. h6 Rb1 68. Rg7+ Kf6 69. g5+ Kf5 70. h7 e5 71. Rf7+ Kg6 72. h8=N# 1-0

[Event "10th American Continental"]
[Site "Montevideo URU"]
[Date "2015.05.21"]
[Round "8.18"]
[White "Larrea, Manuel"]
[Black "Terry, Renato"]
[Result "0-1"]
[WhiteTitle "FM"]
[BlackTitle "FM"]
[WhiteElo "2327"]
[BlackElo "2464"]
[WhiteFideId "3000508"]
[BlackFideId "3803457"]
[EventDate "2015.05.15"]
[EventType "swiss"]

1. e4 g6 2. d4 Bg7 3. Nc3 c6 4. f4 d5 5. e5 h5 6. Nf3 Nh6 7. Be3 Bg4 8. Be2 Nf5
9. Bf2 e6 10. Ng5 Bxe2 11. Nxe2 Nd7 12. Qd2 Bf8 13. b3 Be7 14. Nf3 c5 15. O-O
cxd4 16. Nexd4 Nc5 17. Nxf5 gxf5 18. Bd4 Ne4 19. Qe3 Qa5 20. c3 h4 21. Rfc1 Rc8
22. a4 h3 23. g3 a6 24. Nd2 Qd8 25. Nxe4 dxe4 26. Rd1 Qc7 27. Kf2 Qc6 28. Ke2
Rd8 29. Rd2 Rd7 30. Rad1 b5 31. Ra1 Kf8 32. axb5 axb5 33. Rda2 Kg7 34. g4 fxg4
35. Rg1 Rh4 36. f5 exf5 37. e6+ Rxd4 38. Qxd4+ Bf6 39. Qd7 Qxe6 40. Qxb5 Bxc3
41. Ra8 Qd6 0-1

[Event "10th American Continental"]
[Site "Montevideo URU"]
[Date "2015.05.21"]
[Round "8.19"]
[White "Acosta, Pablo Ismael"]
[Black "Barbosa, Evandro Amorim"]
[Result "1-0"]
[WhiteTitle "IM"]
[BlackTitle "IM"]
[WhiteElo "2320"]
[BlackElo "2438"]
[WhiteFideId "124311"]
[BlackFideId "2115824"]
[EventDate "2015.05.15"]
[EventType "swiss"]

1. c4 c5 2. g3 Nc6 3. Bg2 g6 4. Nc3 Bg7 5. e4 a6 6. d3 b5 7. Nge2 Rb8 8. O-O b4
9. Na4 d6 10. Be3 Nd4 11. Nxd4 cxd4 12. Bf4 Bd7 13. c5 e5 14. Bd2 Qa5 15. Nb6
Be6 16. a3 dxc5 17. Nc4 Bxc4 18. dxc4 Ne7 19. axb4 Qc7 20. Rxa6 cxb4 21. Qa4+
Qd7 22. Qxd7+ Kxd7 23. Ra7+ Ke6 24. f4 f5 25. exf5+ gxf5 26. fxe5 Bxe5 27. Re1
Ng6 28. Bf4 Rhe8 29. Bd5+ Kd6 30. Ra6+ Kc7 31. Rxg6 Bxf4 32. Rg7+ Kd6 33. Rxe8
Rxe8 34. gxf4 d3 35. Bf3 Kc5 36. Rc7+ Kd4 37. Kf2 Rd8 38. c5 Kc4 39. c6 Kb3 40.
Rd7 Rc8 41. c7 d2 42. Ke2 Kxb2 43. Bb7 1-0

[Event "10th American Continental"]
[Site "Montevideo URU"]
[Date "2015.05.21"]
[Round "8.20"]
[White "Matsuura, Frederico"]
[Black "Supi, Luis Paulo"]
[Result "0-1"]
[WhiteTitle "FM"]
[BlackTitle "IM"]
[WhiteElo "2270"]
[BlackElo "2416"]
[WhiteFideId "2107848"]
[BlackFideId "2106388"]
[EventDate "2015.05.15"]
[EventType "swiss"]

1. d4 Nf6 2. Bg5 d5 3. Bxf6 exf6 4. e3 c6 5. g3 Bd6 6. Bg2 O-O 7. Ne2 Nd7 8. O-O
f5 9. b3 Nf6 10. c4 Be6 11. Qd3 h5 12. Nbc3 h4 13. cxd5 cxd5 14. Nf4 hxg3 15.
hxg3 Bxf4 16. exf4 Ne4 17. Rac1 Rc8 18. Rc2 Qa5 19. Rfc1 a6 20. Na4 Rxc2 21.
Rxc2 Re8 22. Nc5 Bc8 23. Re2 b6 24. Nxe4 fxe4 25. Qd2 Qa3 26. Re3 Bd7 27. Rc3 g6
28. Bf1 Kg7 29. Rc7 Bf5 30. Be2 Rh8 31. Rc6 Qf8 32. Bf1 Qg8 33. Bg2 Qh7 34. g4
Qh2+ 35. Kf1 Bxg4 36. f5 Rh5 37. f6+ Kh7 38. Qc3 Rh3 39. f3 exf3 0-1

[Event "10th American Continental"]
[Site "Montevideo URU"]
[Date "2015.05.21"]
[Round "8.21"]
[White "Quintiliano Pinto, Renato R."]
[Black "Pereira, Silvio Cunha"]
[Result "1-0"]
[WhiteTitle "FM"]
[BlackTitle "FM"]
[WhiteElo "2411"]
[BlackElo "2284"]
[WhiteFideId "2117568"]
[BlackFideId "2100703"]
[EventDate "2015.05.15"]
[EventType "swiss"]

1. d4 f5 2. g3 g6 3. Bg2 Bg7 4. c4 d6 5. Nc3 c6 6. Nf3 Nh6 7. O-O O-O 8. e4 fxe4
9. Nxe4 d5 10. Neg5 Nf5 11. Re1 dxc4 12. Qe2 Nxd4 13. Qxc4+ Qd5 14. Qxd5+ cxd5
15. Nxd4 Bxd4 16. Bxd5+ e6 17. Rxe6 Bxe6 18. Nxe6 Nc6 19. Nxd4+ Kh8 20. Nxc6
bxc6 21. Bxc6 1-0

[Event "10th American Continental"]
[Site "Montevideo URU"]
[Date "2015.05.21"]
[Round "8.22"]
[White "Cori T., Deysi"]
[Black "Markzon, Gregory"]
[Result "1-0"]
[WhiteTitle "WGM"]
[BlackTitle "FM"]
[WhiteElo "2431"]
[BlackElo "2156"]
[WhiteFideId "3801934"]
[BlackFideId "2003694"]
[EventDate "2015.05.15"]
[EventType "swiss"]

1. d4 Nf6 2. c4 g6 3. Nc3 Bg7 4. e4 d6 5. f3 O-O 6. Be3 c5 7. Nge2 Nc6 8. Qd2
Qa5 9. Rc1 e6 10. b3 d5 11. cxd5 exd5 12. exd5 cxd4 13. Nxd4 Ne5 14. Bc4 a6 15.
O-O b5 16. Be2 Bb7 17. Kh1 Rfd8 18. Rfd1 b4 19. Na4 Rxd5 20. Qe1 Re8 21. Qf2
Ned7 22. Bf4 Rh5 23. Nc6 Qf5 24. Bg3 Bh6 25. Bd3 Qe6 26. Re1 Be3 27. Qc2 Rc8 28.
Bc4 Rxc6 29. Bxe6 Rxc2 30. Rxc2 fxe6 31. Rxe3 Kg7 32. Rc7 1-0

[Event "10th American Continental"]
[Site "Montevideo URU"]
[Date "2015.05.21"]
[Round "8.23"]
[White "Caceres Vasquez, Sergio"]
[Black "Escalante Ramirez, Brian Sebasti"]
[Result "0-1"]
[WhiteTitle "FM"]
[WhiteElo "2087"]
[BlackElo "2373"]
[WhiteFideId "3402169"]
[BlackFideId "3819566"]
[EventDate "2015.05.15"]
[EventType "swiss"]

1. d4 Nf6 2. c4 g6 3. Nc3 Bg7 4. e4 d6 5. f4 O-O 6. Nf3 c5 7. d5 e6 8. Be2 exd5
9. cxd5 a6 10. a4 Re8 11. Nd2 Nbd7 12. O-O c4 13. Kh1 Nc5 14. e5 dxe5 15. Nxc4
exf4 16. Bxf4 Nce4 17. Nxe4 Rxe4 18. d6 Be6 19. Ne3 Ne8 20. Bd3 Rb4 21. Qf3 Nxd6
22. Rad1 Rd4 23. Nc2 Rxa4 24. Bxd6 Qxd6 25. Bxg6 Qc7 26. Bf5 Qc6 27. Qh5 Bxf5
28. Qxf5 Qg6 29. Qc5 Bf8 30. Qc7 Re8 31. Nd4 b5 32. Nf3 Re2 33. Rd2 Qxg2# 0-1

[Event "10th American Continental"]
[Site "Montevideo URU"]
[Date "2015.05.21"]
[Round "8.24"]
[White "Van Riemsdijk, Herman C."]
[Black "Granara Barreto, Sebastian"]
[Result "1/2-1/2"]
[WhiteTitle "IM"]
[BlackTitle "FM"]
[WhiteElo "2352"]
[BlackElo "2147"]
[WhiteFideId "2100053"]
[BlackFideId "3000494"]
[EventDate "2015.05.15"]
[EventType "swiss"]

1. e4 c5 2. Nf3 d6 3. d4 cxd4 4. Nxd4 Nf6 5. Nc3 g6 6. Be3 Bg7 7. f3 a6 8. Qd2
Nbd7 9. g4 b5 10. g5 Nh5 11. Bg2 Bb7 12. O-O Ne5 13. b3 Rc8 14. Nce2 O-O 15. Kh1
Nd7 16. c3 Nc5 17. Rad1 Qc7 18. Bh3 Rcd8 19. c4 e5 20. Nc2 bxc4 21. bxc4 Ne6 22.
Rb1 Qe7 23. Nb4 Nef4 24. Nxf4 Nxf4 25. Bxf4 exf4 26. Qxf4 f6 27. gxf6 Rxf6 28.
Qd2 Rff8 29. Nd5 Bxd5 30. cxd5 Rb8 31. Be6+ Kh8 32. Rxb8 Rxb8 33. Rc1 Qf8 34.
Kg2 Rb2 35. Qxb2 Bxb2 36. Rc8 Qxc8 37. Bxc8 a5 38. f4 Kg7 39. a4 Kf6 40. Kf3 Bc1
41. h3 1/2-1/2

[Event "10th American Continental"]
[Site "Montevideo URU"]
[Date "2015.05.21"]
[Round "8.25"]
[White "Barros Rivadeneira, Cristhian"]
[Black "Lopez Falcon, Jorge"]
[Result "1-0"]
[WhiteTitle "IM"]
[WhiteElo "2335"]
[BlackElo "2138"]
[WhiteFideId "3609677"]
[BlackFideId "3000850"]
[EventDate "2015.05.15"]
[EventType "swiss"]

1. c4 e5 2. Nc3 Nf6 3. g3 d5 4. cxd5 Nxd5 5. Bg2 Nb6 6. Nf3 Nc6 7. O-O Be7 8. d3
g5 9. a4 a5 10. Be3 g4 11. Nd2 Be6 12. Rc1 Nd5 13. Bh6 Rg8 14. Nc4 Rg6 15. Bd2
h5 16. Nb5 h4 17. Ne3 Rc8 18. Be4 Rg8 19. Rxc6 bxc6 20. Na7 hxg3 21. hxg3 Nxe3
22. fxe3 Bd5 23. Nxc8 Qxc8 24. Bf5 Be6 25. e4 Bc5+ 26. Kg2 Qd7 27. Bxa5 Rh8 28.
Bxe6 Qxe6 29. Bd2 Rh3 30. Bg5 Be7 31. Bxe7 Kxe7 32. Rh1 f5 33. Rxh3 gxh3+ 34.
Kh2 fxe4 35. dxe4 Qc4 36. Kxh3 Qxe4 37. b3 Qf5+ 38. Kg2 e4 39. Qd4 c5 40. Qg7+
Kd6 41. Qh6+ Kd5 42. Qf4 Qe6 43. Qxc7 Kd4 44. a5 Qxb3 45. Qd6+ Ke3 46. Qf4+ Kxe2
47. Qxe4+ Kd2 48. Qf4+ Kc2 49. Qf2+ Kb1 50. Qxc5 Qb7+ 51. Kg1 Ka1 52. Qd4+ Ka2
53. Qb6 Qe4 54. Qf2+ Ka3 55. a6 Kb3 56. a7 Ka3 57. Qf8+ 1-0

[Event "10th American Continental"]
[Site "Montevideo URU"]
[Date "2015.05.21"]
[Round "8.26"]
[White "Michailov, Matias"]
[Black "Muniz, Rafael"]
[Result "1/2-1/2"]
[WhiteElo "2137"]
[BlackElo "2281"]
[WhiteFideId "3001571"]
[BlackFideId "3000486"]
[EventDate "2015.05.15"]
[EventType "swiss"]

1. e4 c5 2. Nf3 d6 3. d4 cxd4 4. Nxd4 Nf6 5. Nc3 a6 6. Bg5 e6 7. f4 Be7 8. Qf3
Qc7 9. O-O-O Nbd7 10. g4 h6 11. Bxf6 Bxf6 12. h4 b5 13. Bxb5 Rb8 14. Bxd7+ Bxd7
15. Qd3 Rb4 16. Nb3 Bxc3 17. bxc3 Bb5 18. Qxd6 Qxd6 19. Rxd6 Rxe4 20. Rd4 Re3
21. c4 Bc6 22. Rhd1 O-O 23. R1d3 Re1+ 24. Kb2 Rg1 25. Na5 Ba8 26. g5 h5 27. c5
Rb8+ 28. Rb3 Rc8 29. c6 Kh7 30. Rc4 Rd1 31. c7 Rd5 32. Rb8 Rb5+ 33. Rxb5 axb5
34. Rc5 Kg6 35. a3 f6 36. c4 e5 37. gxf6 exf4 38. fxg7 Kxg7 39. cxb5 Kf6 40. b6
f3 41. Rc2 Ke5 42. Nc4+ Kd5 43. Kc3 Bb7 44. Rd2+ Kc5 45. Nd6 f2 46. Nxb7+ Kxb6
47. Rxf2 Rxc7+ 1/2-1/2

[Event "10th American Continental"]
[Site "Montevideo URU"]
[Date "2015.05.21"]
[Round "8.27"]
[White "Cardoso Pimenta, Ciro Jose"]
[Black "Aranha Filho, Alvaro Z."]
[Result "0-1"]
[BlackTitle "FM"]
[WhiteElo "2066"]
[BlackElo "2270"]
[WhiteFideId "2118599"]
[BlackFideId "2103931"]
[EventDate "2015.05.15"]
[EventType "swiss"]

1. Nf3 d5 2. e3 Nf6 3. d4 c5 4. Be2 g6 5. O-O Bg7 6. Nbd2 cxd4 7. exd4 O-O 8.
Ne5 Nfd7 9. Ndf3 Nxe5 10. Nxe5 Nc6 11. Nxc6 bxc6 12. c3 f6 13. h4 e5 14. dxe5
fxe5 15. Bg5 Bf6 16. Bh6 Rf7 17. h5 Bg5 18. hxg6 hxg6 19. Bxg5 Qxg5 20. Qd3 Rh7
21. Qg3 Qxg3 22. fxg3 Rf7 23. Rf3 e4 24. Rf4 g5 25. Rxf7 Kxf7 26. Rf1+ Kg7 27.
Kf2 c5 28. Ke3 Bb7 29. Bh5 Rf8 30. Rxf8 Kxf8 31. b4 d4+ 32. cxd4 cxb4 33. Bd1
Ke7 34. Bc2 Bd5 35. Bxe4 Bxa2 36. Kd2 Kd6 37. Kc1 Bd5 38. Bd3 a5 39. Bc2 Bc4 0-1

[Event "10th American Continental"]
[Site "Montevideo URU"]
[Date "2015.05.21"]
[Round "8.28"]
[White "Pardo, Alejandro"]
[Black "Saralegui, Mario"]
[Result "1/2-1/2"]
[WhiteElo "2247"]
[BlackElo "2125"]
[WhiteFideId "4402880"]
[BlackFideId "3000419"]
[EventDate "2015.05.15"]
[EventType "swiss"]

1. d4 d5 2. Nf3 Nf6 3. e3 g6 4. Be2 Bg7 5. O-O O-O 6. c4 c6 7. Nc3 Nbd7 8. cxd5
cxd5 9. Bd2 Nb6 10. Qb3 Ne4 11. Be1 Bg4 12. Nb5 a6 13. Na3 a5 14. Rc1 a4 15. Qd1
Nd6 16. Ne5 Bf5 17. Nb5 Nxb5 18. Bxb5 f6 19. Nd3 Bxd3 20. Qxd3 Qd6 21. a3 Rfc8
22. Bb4 Qe6 23. h3 Bf8 24. Rc2 Rxc2 25. Qxc2 Rc8 26. Bc3 Ra8 27. Rc1 Nc4 28. Bb4
Rc8 29. Bxa4 Nb6 30. Bc3 Nxa4 31. Qxa4 Kf7 32. Qb5 Qc6 33. Qxc6 Rxc6 34. Kf1 e5
35. Ke2 Ke6 36. dxe5 fxe5 37. a4 d4 38. exd4 exd4 39. Bd2 Rb6 40. Rc8 Bd6 41.
Bc1 Rb4 42. Kd2 d3 43. Kd1 Be5 44. Rd8 Bf6 45. Rf8 Bxb2 46. Bxb2 Rxb2 47. Rf3
Ra2 1/2-1/2

[Event "10th American Continental"]
[Site "Montevideo URU"]
[Date "2015.05.21"]
[Round "8.29"]
[White "Cimer, Emmanuel"]
[Black "Sanhueza, Cristian"]
[Result "0-1"]
[WhiteElo "1982"]
[BlackElo "2195"]
[WhiteFideId "137073"]
[BlackFideId "116815"]
[EventDate "2015.05.15"]
[EventType "swiss"]

1. e4 e5 2. Nf3 Nc6 3. d4 exd4 4. Nxd4 Nf6 5. Nxc6 bxc6 6. Bd3 d5 7. e5 Ng4 8.
O-O Bc5 9. Bf4 f6 10. exf6 Qxf6 11. Qe2+ Be6 12. h3 Nxf2 13. Be3 Nxh3+ 14. Kh1
Qh4 15. g3 Nf2+ 16. Kg2 Qh3+ 17. Kxf2 O-O+ 18. Ke1 Qxf1+ 19. Qxf1 Rxf1+ 20. Kxf1
Bxe3 21. Nc3 Rb8 22. Re1 Bh3+ 23. Ke2 Bd4 24. Kd2 Rxb2 25. Ne2 Bf6 26. Rh1 Bg4
27. Bxh7+ Kf7 28. Nf4 Rxa2 29. Bg6+ Ke7 30. Re1+ Kd6 31. Kd3 Ra3+ 32. Kd2 Bc3+ 0-1

[Event "10th American Continental"]
[Site "Montevideo URU"]
[Date "2015.05.21"]
[Round "8.30"]
[White "Contreras, Henry"]
[Black "Moreira, Marcelo"]
[Result "1-0"]
[WhiteTitle "FM"]
[WhiteElo "2193"]
[BlackElo "2077"]
[WhiteFideId "4400623"]
[BlackFideId "3003043"]
[EventDate "2015.05.15"]
[EventType "swiss"]

1. e4 c5 2. Nf3 e6 3. d4 cxd4 4. Nxd4 a6 5. Bd3 Qc7 6. O-O b5 7. a4 b4 8. Re1 d6
9. c4 bxc3 10. Nxc3 Nf6 11. Bd2 Bb7 12. b4 Nbd7 13. Rc1 Ne5 14. Nd5 Qb8 15. Nc7+
Kd8 16. Bf4 Nxd3 17. Qxd3 Ra7 18. Ndb5 Bxe4 19. Rxe4 1-0

[Event "10th American Continental"]
[Site "Montevideo URU"]
[Date "2015.05.21"]
[Round "8.31"]
[White "Carvalho, Herbert Abreu"]
[Black "Monteiro, Artur Fernando"]
[Result "1/2-1/2"]
[WhiteElo "2157"]
[BlackElo "1972"]
[WhiteFideId "2100541"]
[BlackFideId "2108380"]
[EventDate "2015.05.15"]
[EventType "swiss"]

1. Nf3 Nf6 2. c4 g6 3. d4 Bg7 4. g3 O-O 5. Bg2 c5 6. O-O cxd4 7. Nxd4 Nc6 8. c5
d5 9. cxd6 Nxd4 10. Qxd4 Ne8 11. Qh4 Nxd6 12. e4 Qb6 13. Nc3 e6 14. Bf4 Nc4 15.
Rab1 Bd7 16. b3 Ne5 17. Rfd1 Bc6 18. b4 Rfd8 19. Rxd8+ Qxd8 20. Qxd8+ Rxd8 21.
Rd1 Rxd1+ 22. Nxd1 Nd3 23. Bd2 Bf8 1/2-1/2

[Event "10th American Continental"]
[Site "Montevideo URU"]
[Date "2015.05.21"]
[Round "8.32"]
[White "Pierrot, Facundo"]
[Black "Sosa Macho, Juan Manuel"]
[Result "1-0"]
[WhiteTitle "IM"]
[WhiteElo "2377"]
[BlackElo "2137"]
[WhiteFideId "103250"]
[BlackFideId "3000354"]
[EventDate "2015.05.15"]
[EventType "swiss"]

1. d4 Nf6 2. Nf3 e6 3. c4 b6 4. a3 Bb7 5. Nc3 d5 6. Bg5 Be7 7. e3 O-O 8. Rc1 a5
9. Bd3 h6 10. Bh4 Ba6 11. cxd5 exd5 12. O-O Bxd3 13. Qxd3 c6 14. Bxf6 Bxf6 15.
e4 dxe4 16. Nxe4 Ra7 17. Rfd1 Rd7 18. Nxf6+ Qxf6 19. Ne5 Rd5 20. Qb3 Rfd8 21.
Qxb6 Rb5 22. Qc7 Rxb2 23. Ng4 Qg5 24. Ne3 Rd7 25. Qe5 Qxe5 26. dxe5 Rbd2 27.
Rxd2 Rxd2 28. Rc5 Ra2 29. Rxa5 Ra1+ 30. Nf1 Nd7 31. f4 c5 32. Kf2 Kf8 33. Ne3
Ke7 34. Ra7 g6 35. Kf3 Ke6 36. Nc4 Rc1 37. Nd6 Ke7 38. Nxf7 Rc3+ 39. Ke4 Rc4+
40. Ke3 Rc3+ 41. Kd2 Rc4 42. Nh8 Rd4+ 43. Ke3 Ke6 44. Nxg6 Kf5 45. Nh4+ Kg4 46.
Nf3 Rd1 47. h3+ Kf5 48. g4+ 1-0

[Event "10th American Continental"]
[Site "Montevideo URU"]
[Date "2015.05.21"]
[Round "8.33"]
[White "Manzi, Luiz Antonio Bardaro"]
[Black "Choma, Ernani Francisco"]
[Result "0-1"]
[BlackTitle "FM"]
[WhiteElo "2091"]
[BlackElo "2361"]
[WhiteFideId "2102641"]
[BlackFideId "2106922"]
[EventDate "2015.05.15"]
[EventType "swiss"]

1. d4 Nf6 2. c4 c5 3. d5 e6 4. Nc3 exd5 5. cxd5 d6 6. Nf3 g6 7. Bf4 a6 8. a4 Bg7
9. e3 O-O 10. h3 Ne8 11. Be2 Nd7 12. O-O Qe7 13. Bh2 f5 14. Qc2 Nc7 15. Rfe1 Ne5
16. Rab1 Nxf3+ 17. Bxf3 b5 18. b4 cxb4 19. Rxb4 a5 20. Rxb5 Bxc3 21. Rc5 dxc5
22. d6 Qg7 23. Bxa8 Nxa8 24. Qb3+ Kh8 25. Qd5 Nb6 26. Qxc5 Nxa4 27. Qa3 Bd7 28.
Rb1 Be5 29. Rb7 Bxh2+ 30. Kxh2 Rd8 31. f4 Qc3 32. Qa2 Qxe3 33. Qf7 Qxf4+ 34. Kh1
Qxd6 0-1

[Event "10th American Continental"]
[Site "Montevideo URU"]
[Date "2015.05.21"]
[Round "8.34"]
[White "Valenzuela Gomez, Fernando"]
[Black "Genro, Guilherme"]
[Result "1/2-1/2"]
[WhiteElo "2282"]
[BlackElo "2096"]
[WhiteFideId "3409392"]
[BlackFideId "2173654"]
[EventDate "2015.05.15"]
[EventType "swiss"]

1. d4 Nf6 2. c4 e6 3. Nc3 d5 4. Nf3 Be7 5. Bf4 O-O 6. e3 c5 7. dxc5 Bxc5 8. Qc2
Nc6 9. a3 a6 10. Rd1 Ba7 11. Bg5 d4 12. exd4 Nxd4 13. Nxd4 Bxd4 14. Ne4 e5 15.
Bd3 Bg4 16. Rd2 Re8 17. Nxf6+ gxf6 18. Bxh7+ Kg7 19. Be3 Qb6 20. Rd3 Rh8 21. Be4
f5 22. Bxd4 exd4 23. Bf3 Rae8+ 24. Kd1 Re4 25. Kc1 Bxf3 26. gxf3 Reh4 27. Rg1+
Kf8 28. Kb1 Rxh2 29. Ka2 Qc5 30. Rgd1 R8h4 31. Re1 Rh1 32. Rxh1 Rxh1 33. Rd2 Rh4
34. Qb3 Kg7 35. Rd3 Rh2 36. Rd2 Rh6 37. Qd3 Rd6 38. Rd1 b5 39. Rg1+ Kf8 40. Rc1
a5 41. Rc2 Rc6 42. b3 a4 43. b4 bxc4 44. bxc5 cxd3 45. Rc4 Rxc5 46. Rxa4 Rc2+
47. Kb3 Rc3+ 48. Kb2 Rc2+ 49. Kb3 Rxf2 50. Rxd4 Rxf3 51. a4 Ke7 52. Kc3 d2+ 53.
Kxd2 Ra3 54. Ke2 Ke6 55. Kf2 Ke5 56. Rb4 f4 57. Rb5+ Ke4 58. Rb4+ Kf5 59. Rb8
Rxa4 60. Rf8 f6 61. Kf3 Ra3+ 62. Kf2 Rb3 63. Ra8 f3 64. Ra5+ Kg4 65. Ra4+ Kg5
66. Kg3 f5 67. Kf2 Rc3 68. Rb4 Ra3 69. Rc4 Rd3 70. Ra4 Kf6 71. Rf4 Ke5 72. Rxf3
Rd2+ 73. Ke1 Ra2 74. Rc3 Kf4 75. Kf1 Kg4 76. Rb3 f4 77. Rc3 Rb2 78. Ra3 Rd2 79.
Rb3 Ra2 80. Rc3 f3 81. Rc8 1/2-1/2

[Event "10th American Continental"]
[Site "Montevideo URU"]
[Date "2015.05.21"]
[Round "8.35"]
[White "Carbone, Diego"]
[Black "Menna Barreto, Felipe Kubiaki"]
[Result "1/2-1/2"]
[WhiteTitle "CM"]
[BlackTitle "FM"]
[WhiteElo "2052"]
[BlackElo "2271"]
[WhiteFideId "3002179"]
[BlackFideId "2119757"]
[EventDate "2015.05.15"]
[EventType "swiss"]

1. d4 Nf6 2. c4 g6 3. g3 Bg7 4. Bg2 d6 5. Nc3 Nbd7 6. Nf3 a6 7. O-O c5 8. b3 O-O
9. Bb2 Rb8 10. Rc1 b6 11. Qd2 Bb7 12. Rfd1 Qc7 13. Nd5 Nxd5 14. cxd5 Nf6 15.
dxc5 bxc5 16. Nh4 1/2-1/2

[Event "10th American Continental"]
[Site "Montevideo URU"]
[Date "2015.05.21"]
[Round "8.36"]
[White "Hernandez, Cristian Andres"]
[Black "Kimelman, Gabriel"]
[Result "1/2-1/2"]
[WhiteTitle "IM"]
[BlackTitle "CM"]
[WhiteElo "2250"]
[BlackElo "2067"]
[WhiteFideId "4402308"]
[BlackFideId "3003035"]
[EventDate "2015.05.15"]
[EventType "swiss"]

1. d4 e6 2. c4 Nf6 3. Nc3 Bb4 4. Qc2 b6 5. a3 Bxc3+ 6. Qxc3 Bb7 7. Nf3 O-O 8.
Bg5 h6 9. Bh4 d6 10. g4 Nbd7 11. Rg1 g5 12. Bg3 Ne4 13. Qc2 Qf6 14. Bg2 Rab8 15.
O-O-O b5 16. c5 dxc5 17. Ne5 Nxe5 18. Bxe5 Qxf2 19. Kb1 Qe3 20. dxc5 Nd2+ 21.
Qxd2 Qxe5 22. c6 Ba6 23. Qa5 Rb6 24. Bf3 Qc5 25. Qc3 Qxc3 26. bxc3 Bc8 27. h4
Kg7 28. hxg5 hxg5 29. Rh1 Kf6 30. Rh5 Rg8 31. Rf1 Kg6 32. Rfh1 a5 33. Rh7 Kf6
34. Rf1 Kg6 35. Rfh1 Kf6 36. Rf1 Kg6 37. Rfh1 Kf6 1/2-1/2

[Event "10th American Continental"]
[Site "Montevideo URU"]
[Date "2015.05.21"]
[Round "8.37"]
[White "Chang, Suzana"]
[Black "Teixeira, Ricardo da Silva"]
[Result "1/2-1/2"]
[WhiteTitle "WFM"]
[BlackTitle "FM"]
[WhiteElo "2022"]
[BlackElo "2223"]
[WhiteFideId "2105985"]
[BlackFideId "2100126"]
[EventDate "2015.05.15"]
[EventType "swiss"]

1. d4 Nf6 2. c4 c5 3. Nf3 e6 4. d5 b5 5. Bg5 Qa5+ 6. Qd2 b4 7. Bxf6 gxf6 8. g3
Bg7 9. Bg2 Bb7 10. e4 Na6 11. O-O Qb6 12. Qc2 O-O 13. Nbd2 Nc7 14. Rfe1 a5 15.
Rab1 a4 16. Qd3 d6 17. Nf1 Rfe8 18. Ne3 Re7 19. Red1 Ne8 20. Nh4 Rd8 21. Qe2 Qc7
22. Qf3 Bh6 23. Ng4 Bg5 24. Bf1 h5 25. Ne3 Ng7 26. Nhg2 exd5 27. Nxd5 Bxd5 28.
exd5 f5 29. Bd3 Qd7 30. Nf4 Bxf4 31. Qxf4 Rde8 32. Kh1 Re5 33. Rg1 Qe7 34. h3
Qf6 35. Kh2 R5e7 36. Kg2 Qg6 37. Kh2 Qf6 38. Kg2 Qg6 39. Kh2 Qf6 1/2-1/2

[Event "10th American Continental"]
[Site "Montevideo URU"]
[Date "2015.05.21"]
[Round "8.38"]
[White "El Ters, Antouan"]
[Black "Benoit, Rodrigo"]
[Result "0-1"]
[WhiteElo "2208"]
[BlackElo "2088"]
[WhiteFideId "3000150"]
[BlackFideId "3005151"]
[EventDate "2015.05.15"]
[EventType "swiss"]

1. e4 e5 2. Nf3 Nc6 3. d4 exd4 4. Nxd4 Nf6 5. Nxc6 bxc6 6. Bd3 d5 7. exd5 cxd5
8. Bb5+ Bd7 9. Bxd7+ Qxd7 10. O-O Be7 11. Nc3 O-O 12. Bg5 d4 13. Ne2 h6 14. Bf4
c5 15. h3 Rfd8 16. Re1 Nd5 17. Bg3 Bf6 18. Nf4 Nxf4 19. Bxf4 Qf5 20. Qd2 c4 21.
g4 Qb5 22. Rab1 d3 23. c3 Re8 24. b3 a5 25. Kh2 Rac8 26. Kg1 Rxe1+ 27. Qxe1 cxb3
28. Rxb3 Qa4 29. Qd2 Qc4 30. Be3 Bxc3 31. Qd1 d2 32. Qc2 Qe2 33. Rb1 Rd8 34. Rd1
Qf3 35. Kh2 Be5+ 36. Kg1 Qxh3 37. Rxd2 Bh2+ 38. Kh1 Bf4+ 39. Kg1 Qxg4+ 40. Kf1
Rxd2 41. Qxd2 Bxe3 42. Qxe3 Qc4+ 0-1

[Event "10th American Continental"]
[Site "Montevideo URU"]
[Date "2015.05.21"]
[Round "8.39"]
[White "Caetano, Hugo Zanotti Mendonca"]
[Black "Ibanez, Juan Rodrigo"]
[Result "1-0"]
[BlackTitle "CM"]
[WhiteElo "2199"]
[BlackElo "2059"]
[WhiteFideId "2119420"]
[BlackFideId "3002071"]
[EventDate "2015.05.15"]
[EventType "swiss"]

1. d4 d5 2. c4 e6 3. Nf3 Nf6 4. Nc3 Nbd7 5. Bg5 Bb4 6. cxd5 exd5 7. Qc2 c5 8. e3
c4 9. Be2 Qa5 10. O-O Bxc3 11. bxc3 Ne4 12. Rac1 Nxg5 13. Nxg5 Nf6 14. e4 h6 15.
Nf3 dxe4 16. Nd2 Bf5 17. Nxc4 Qc7 18. Qa4+ Bd7 19. Qa3 Bc6 20. Nd6+ Kd8 21. c4
Ne8 22. Nxe8 Rxe8 23. d5 Bd7 24. c5 Re5 25. c6 bxc6 26. dxc6 Bc8 27. Qf8+ 1-0